000 00286nam a2200121Ia 4500
005 20251222143146.0
008 251222s9999||||xx |||||||||||||| ||spa||
082 _a658.409.2/B81
100 _aBravo Villarón, Luis
245 0 _aÉxito y Liderazgo:
264 _bIndecopi
942 _cLIB
999 _c12506
_d12506